000 00592nam a2200169 a 4500
001 000048680
005 20201002061326.0
008 190408s2016 dr a 000 0 spa d
040 _aDO-SdBNP
_bspa
_cBNPHU
082 _axx
_bxx
245 0 0 _aSismap Municipal :
_bsistema de monitoreo de la Administración Pública Municipal.
250 _a3a. ed.
260 _aSanto Domingo,República Dominicana :
_bMinisterio de Administración Pública (MAP),
_c2016.
300 _a40 p. :
_bil. ;
_c23 cm.
590 _aInventariado, 2019/VM
500 _aUna oportunidad para mejorar nuestros municipios
999 _c48168
_d48168